000 00579nam a22001577a 4500
003 NUST
038 _aNusrat Nadeem
082 _a200
100 _aKhan, Khushal
_9130652
245 _aExamining the Effect of Universal Health Insurance on Household Expenditure: The Case of Sehat Sahulat Card Program in the KP Province/
_cKhushal Khan,
264 _aIslamabad:
_bS3H NUST.
_c2025.
650 _aMS-Government and Public Policy
_9125323
700 _aSupervisor: Dr. Inayat Ullah
_9130653
856 _u http://10.250.8.41:8080/xmlui/handle/123456789/54901
942 _2ddc
_cSC
999 _c614831
_d614831